Manchester Trivia - Statistics

General Stats
  • This quiz has been taken 249 times
  • The average score is 11 of 20
Answer Stats
Hint Answer % Correct
Premier league football stadiums Old Trafford
95%
Gallagher brothers band Oasis
92%
Etihad
83%
Multi-sport event held in 2002 Commonwealth Games
69%
Nickname for Wilmslow Road in Rusholme due to many South Asian restaurants Curry Mile
66%
Liveliest street in the gay village Canal Street
64%
Infamous 1980s nightclub The Haçienda
62%
Salford Quays TV studio location MediaCityUK
61%
Tram system opened in 1992 Metrolink
61%
Tallest building Beetham Tower
60%
Area known for gang crime and social deprivation Moss Side
58%
Computer scientist who worked at the Victoria University of Manchester Alan Turing
56%
Irwell
52%
Dutch city Manchester is twinned with Amsterdam
50%
600 acre park in the North of the city Heaton Park
50%
Suburb in the south with the main residential campus of the University of Manchester Fallowfield
45%
Oxford Street theatre designed by Alfred Darbyshire Palace Theatre
38%
Art gallery founded in 1889 Whitworth Art Gallery
33%
Building on the cover of The Smiths album: The Queen Is Dead Salford Lads' Club
29%
Major rivers Medlock
15%
No matching quizzes found
Score Distribution
Percent of People with Each Score
Percentile by Number Answered
Your Score History
You have not taken this quiz